Historia de los derechos fundamentales
Gorde:
| Egile nagusia: | |
|---|---|
| Beste egile batzuk: | , |
| Formatua: | Liburua |
| Hizkuntza: | gaztelania |
| Argitaratua: |
Madrid
Dykinson
2001
|
| Gaiak: | |
| Etiketak: |
Etiketa erantsi
Etiketarik gabe, Izan zaitez lehena erregistro honi etiketa jartzen!
|
MARC
| LEADER | 00000nam a2200000 a 4500 | ||
|---|---|---|---|
| 001 | UCL8335 | ||
| 003 | CL-VaPUC | ||
| 008 | 040618e20010000SP |||||||||||||||||spa|d | ||
| 020 | |a 8481554049 | ||
| 020 | |a 8481557927t.2 v.1 | ||
| 020 | |a 8481557943t.2 v.2 | ||
| 020 | |a 8481557935t.2 v.3 | ||
| 082 | 0 | 4 | |a 323 |b PEC |2 21 |
| 100 | |a Peces-Barba Martínez, Gregorio |e director |9 452647 | ||
| 700 | 0 | |a Fernández García, Eusebio |e author |9 486263 | |
| 700 | |a Asís Roig, Rafael de |9 608565 | ||
| 245 | 1 | 0 | |a Historia de los derechos fundamentales |
| 300 | |a v | ||
| 942 | |c BK | ||
| 945 | |d 20040618 00:00:00 |a cmena | ||
| 260 | |a Madrid |b Dykinson |c 2001 | ||
| 500 | |a t.2 v.1: Siglo XVIII. El contexto social y cultural de los derechos. Los rasgos generales de evolución | ||
| 500 | |a t.2 v.2: Siglo XVIII. La filosofía de los derechos humanos | ||
| 500 | |a t.2 v.3: Siglo XVIII. El derecho positivo de los derechos humanos. Derechos humanos y comunidad internacional: los orígenes del sistema | ||
| 650 | 0 | |a Derechos humanos |9 223025 | |
| 650 | 0 | |a Historia del derecho |9 255109 | |
| 650 | 0 | |a Filosofía del derecho |9 255050 | |
| 650 | 0 | |a Derecho internacional |9 255637 | |
| 650 | 0 | |a Derecho natural |9 255041 | |
| 650 | 0 | |a Derecho positivo |9 255911 | |
| 583 | |a last modification |c 20040618 00:00:00 |k Rodrigo Vera | ||
| 999 | |c 309678 |d 309676 | ||
| 952 | |0 0 |1 0 |4 0 |6 323_000000000000000_PEC_2001 |7 0 |8 DER_TF |9 377325 |a BIBDER |b BIBDER |d 2019-11-21 |h t.2 v.1 |i 4027299 |o 323 PEC 2001 |p 4027299 |r 2023-01-25 |w 2019-11-21 |x Ubicación 4to Piso |y BK |z Estos recursos deben solicitarse con anticipación |k DER | ||
| 952 | |0 0 |1 0 |4 0 |6 323_000000000000000_PEC_2001 |7 0 |8 DER_TF |9 377326 |a BIBDER |b BIBDER |d 2019-11-21 |h t.2 v.2 |i 4027302 |o 323 PEC 2001 |p 4027302 |r 2023-01-25 |w 2019-11-21 |x Ubicación 4to Piso |y BK |z Estos recursos deben solicitarse con anticipación |k DER | ||
| 952 | |0 0 |1 0 |4 0 |6 323_000000000000000_PEC_2001 |7 0 |8 DER_TF |9 377327 |a BIBDER |b BIBDER |d 2019-11-21 |h t.2 v.3 |i 4027310 |o 323 PEC 2001 |p 4027310 |r 2023-01-25 |w 2019-11-21 |x Ubicación 4to Piso |y BK |z Estos recursos deben solicitarse con anticipación |k DER | ||